Dicotiledóneas herbáceas 1 : nativas y exoticas /

Guardado en:
Autor Principal: Hurrell, Julio Alberto
Otros Autores: Bazzano, Daniel H., Delucchi, Gustavo
Formato: Libro
Publicado: Buenos Aires : L.o.l.a, 2006
Series:Biota rioplatense; No. 11
Materias:
Etiquetas: Agregar Etiqueta
Sin Etiquetas, Sea el primero en etiquetar este registro!
LEADER 00668nam a22002055a 4500
001 CEM.cems017664
005 20110811110220.0
008 130507s2006##################000#0#####d
003 CEMS
020 |a 9789509725928 
082 0 4 |a 583 
100 1 |a Hurrell, Julio Alberto 
245 1 0 |a Dicotiledóneas herbáceas 1 :  |b nativas y exoticas /  |c Julio A. Hurrell, Daniel H. Bazzano y Gustavo Deluchi 
260 |a Buenos Aires :  |b L.o.l.a,  |c 2006 
300 |a 284 p. 
490 0 |a Biota rioplatense; No. 11 
653 |a Dicotiledóneas herbáceas 
700 1 |a Bazzano, Daniel H. 
700 1 |a Delucchi, Gustavo 
859 |a CEMS  |b BIB. CEMS - Agricultura  |h 583  |i H941  |p A1407.11  |t Ej.1  |v 1  |3 1